GSC Logo Quiz - Statistics

General Stats
  • This quiz has been taken 4 times
  • The average score is 3 of 12
Answer Stats
Picture Answer % Correct
Alabama-Huntsville
75%
Valdosta State
75%
West Florida
75%
Delta State
25%
Lee
25%
Montevallo
25%
Union
25%
Auburn Montgomery
0%
Christian Brothers
0%
Mississippi College
0%
Trevecca
0%
West Alabama
0%
No matching quizzes found
Score Distribution
Percent of People with Each Score
Percentile by Number Answered
Your Score History
You have not taken this quiz